|
|
|
|
| LEADER |
00877nab a2200229 i 4500 |
| 001 |
acta23702 |
| 005 |
20210602082131.0 |
| 008 |
161017s1967 hu o 0|| eng d |
| 022 |
|
|
|a 0001-6721
|
| 040 |
|
|
|a SZTE Egyetemi Kiadványok Repozitórium
|b hun
|
| 041 |
|
|
|a eng
|
| 100 |
1 |
|
|a Schöbel György
|
| 245 |
1 |
0 |
|a Some recent data on the decomposition of fluid hydrocarbons 1.
|h [elektronikus dokumentum] :
|b Experiences Obtained on Melted-Metal Decomposer /
|c Schöbel György
|
| 260 |
|
|
|c 1967
|
| 300 |
|
|
|a 125-130
|
| 490 |
0 |
|
|a Acta physica et chemica
|v 13 No. 3-4
|
| 695 |
|
|
|a Természettudomány, Kémia, Fizika
|
| 700 |
0 |
2 |
|a Schöbel Györgyné Gilde Anna-Mária
|e aut
|
| 700 |
0 |
2 |
|a Mészáros Lajos
|e aut
|
| 700 |
0 |
2 |
|a Széll Tamás
|e aut
|
| 700 |
0 |
2 |
|a Galambos I.
|e aut
|
| 856 |
4 |
0 |
|u http://acta.bibl.u-szeged.hu/23702/1/phys_chem_013_fasc_003_004_125-130.pdf
|z Dokumentum-elérés
|